000 00157nam a22000857a 4500
082 _a823
100 _aNICOLA BOXTER
245 _aNOISY LITTLE TRUCK
942 _cBK
999 _c8430
_d8430